Chasqui
| Format: | Electronic Journal |
|---|---|
| Language: | English Portuguese Spanish |
| Published: |
Swarthmore, Pa. :
[publisher not identified]
|
| Subjects: | |
| Online Access: | Full text available from Research Library: 05/01/2000 to present Full text available from PRISMA Database with HAPI Index: 05/01/2000 to 11/30/2016 |
MARC
| LEADER | 00000nas a2200000 a 4500 | ||
|---|---|---|---|
| 001 | ssj0013012 | ||
| 003 | WaSeSS | ||
| 005 | 20200512172242.0 | ||
| 006 | m d | ||
| 007 | cr n | ||
| 008 | 050614c19729999azufr p s bo 0 a0eng c | ||
| 010 | |a 2010234714 | ||
| 022 | |a 2327-4247 |y 0145-8973 | ||
| 035 | |a (WaSeSS)ssj0013012 | ||
| 040 | |a OCLCS |b eng |c OCLCS |d EYM |d HUL |d OCLCQ |d DLC |d OCLCF |d OCLCO |d OCLCQ |d GILDS |d OCLCO |d VT2 |d WaSeSS | ||
| 041 | 0 | |a eng |a por |a spa | |
| 042 | |a pcc |a nsdp | ||
| 043 | |a cl----- | ||
| 050 | 4 | |a PQ7081.A1 |b C48 | |
| 082 | 0 | 0 | |a 860/.9/98 |2 23 |
| 130 | 0 | |a Chasqui (Swarthmore, Pa. : Online) | |
| 222 | 0 | |a Chasqui |b (Swarthmore, Pa. Online) | |
| 245 | 1 | 0 | |a Chasqui |h [electronic resource]. |
| 260 | |a Swarthmore, Pa. : |b [publisher not identified] | ||
| 310 | |a Semiannual, |b 1988- | ||
| 321 | |a Three no. a year, |b <1973>-1978 | ||
| 362 | 1 | |a Began with the Jan./Feb. 1972 issue. | |
| 500 | |a "Revista de literatura latinoamericana." | ||
| 500 | |a Published: Provo, Utah, 1982-1994; Tempe, Ariz., 1995- | ||
| 506 | |a License restrictions may limit access. | ||
| 538 | |a Mode of access: World Wide Web. | ||
| 546 | |a In English, Spanish, or Portuguese. | ||
| 588 | |a Description based on: Vol. 2, no. 2 (Feb. 1973); title from cover (JSTOR, viewed Feb. 3, 2010). | ||
| 588 | |a Latest issue consulted: Vol. 38, No. 2 (Nov. 2009) (JSTOR website, viewed Mar. 18, 2013). | ||
| 650 | 0 | |a Latin American literature |v Periodicals. | |
| 650 | 7 | |a Latin American literature. |2 fast |0 (OCoLC)fst00993031 | |
| 655 | 0 | |a Electronic journals. | |
| 776 | 0 | 8 | |i Print version: |t Chasqui (Swarthmore, Pa.) |x 0145-8973 |w (DLC) 83646977 |w (OCoLC)1071097 |
| 856 | 4 | 0 | |z Full text available from Research Library: 05/01/2000 to present |u https://search.proquest.com/publication/27737 |
| 856 | 4 | 0 | |z Full text available from PRISMA Database with HAPI Index: 05/01/2000 to 11/30/2016 |u https://search.proquest.com/publication/14272 |